Language Quiz

Random Language Quiz

Ends in Zu Quiz Stats

Quiz not verified by Sporcle

Challenge
Share
Tweet
Embed
Score 0/7 Timer 03:00
0 Plays Today
Clue Word % Correct
The Lion King's red-billed hornbill characterZazu
81.8%
Japanese car manufacturing companyIsuzu
57.6%
Chinese toy dogShih Tzu
33.3%
Famous South American waterfallsIguazu
30.3%
Chinese goddess of the seaMazu
18.2%
City in Misiones, ArgentinaPuerto Iguazu
9.1%
Malawi's third largest cityMzuzu
9.1%

You're not logged in!

Compare scores with friends on all Sporcle quizzes.
Join for Free
OR
Log In

You Might Also Like...

Show Comments

Extras

Created Oct 10, 2014ReportNominate
Tags:end, ending

Top Quizzes Today


Score Distribution

Your Account Isn't Verified!

In order to create a playlist on Sporcle, you need to verify the email address you used during registration. Go to your Sporcle Settings to finish the process.

Report this User

Report this user for behavior that violates our Community Guidelines.

Details: